Polarization measurements in astronomy (Record no. 7701)

MARC details
000 -LEADER
fixed length control field 00525nam a2200169Ia 4500
003 - CONTROL NUMBER IDENTIFIER
control field IN-BaIIA
008 - FIXED-LENGTH DATA ELEMENTS--GENERAL INFORMATION
fixed length control field 211028s9999 xx 000 0 eng d
040 ## - CATALOGING SOURCE
Transcribing agency IIA Library
080 ## - UNIVERSAL DECIMAL CLASSIFICATION NUMBER
Universal Decimal Classification number 520.85
Item number OHM
100 ## - MAIN ENTRY--PERSONAL NAME
Personal name Ohman, Yugue
9 (RLIN) 13021
245 #0 - TITLE STATEMENT
Title Polarization measurements in astronomy
Statement of responsibility, etc. Yugue Ohman
260 ## - PUBLICATION, DISTRIBUTION, ETC.
Place of publication, distribution, etc. Boulder
Name of publisher, distributor, etc. High Altitude Observatory
Date of publication, distribution, etc. 1949
300 ## - PHYSICAL DESCRIPTION
Extent 106p.
500 ## - GENERAL NOTE
General note Donated by Mrs. Bappu
650 ## - SUBJECT ADDED ENTRY--TOPICAL TERM
Topical term or geographic name entry element Astronomy and Astrophysics Thesaurus
942 ## - ADDED ENTRY ELEMENTS (KOHA)
Koha item type Books
Holdings
Withdrawn status Lost status Damaged status Not for loan Home library Current library Shelving location Date acquired Total Checkouts Full call number Barcode Date last seen Price effective from Koha item type
        IIA Library-Bangalore IIA Library-Bangalore General Stacks 26/07/1983   520.85/ OHM 8515 05/11/2021 26/07/1983 Books

Powered by Koha